000 00641nam a2200229Ia 4500
003 OSt
005 20220928115710.0
006 a|||||r|||| 00| 0
007 ta
008 220927b |||||||| |||| 00| 0 eng d
024 _a36546
037 _cTextual
040 _aSDCL
_cSDCL
_beng
041 _2eng
_aeng
082 _aV2:3(Q)'N9, N4
100 _aKhan Rasheeduddin
_9376161
245 0 _aBewildered India
_b Identity,pluralism,discord
260 _aNew Delhi
_bHar-Anand Publications
_c1994
300 _axi,330p
_ccm.
942 _hV2:3(Q)'N9, N4
_cTEXL
_2CC
999 _c760587
_d760587